000 00527nam a22001817a 4500
003 CEME
005 20210628203936.0
008 210311b xxu||||| |||| 00| 0 eng d
020 _a0-07-113343-7
040 _c.
082 _a621.3822 HSU'S
100 _aHsu, Hwei P
_939266
245 _aSchaums's outlines of theory and problems of analog and digital communication
260 _aNEWYORK
_bMCGRAW HILL
_c1993
300 _a329P
650 _aSIGNAL THEORY (TELECOMMUNICATION) MODULATION THEORY
_967938
942 _cBK
_2ddc
999 _c575622
_d575622